000 01040nam a2200265 i 4500
001 17332
003 ES-MaACL
005 20250831040310.0
007 t|
008 010131s2000 sp ||||1| spa d
020 _a84-95265-14-1
080 _a341.236.4
080 _a341.123.043
100 1 _aAznar Gómez, Mariano J.
_924308
245 1 0 _aResponsabilidad internacional del Estado y acción del Consejo de Seguridad de las Naciones Unidas /
_cMariano J. Aznar Gómez.
260 _aMadrid :
_bMinisterio de Asuntos Exteriores, Secretaría General Técnica,
_c2000.
300 _a260 p. ;
_c25 cm.
490 1 _aBiblioteca diplomática española. Sección Varios ;
_v7
610 2 7 _aNaciones Unidas.
_bConsejo de Seguridad.
_95963
650 1 7 _aResponsabilidad del Estado (Derecho internacional)
_2embne
_916868
710 1 _aEspaña.
_bMinisterio de Asuntos Exteriores.
_93845
830 0 0 _aBiblioteca diplomática española.
_pVarios
_v7
_9179529
852 _aES-MaACL
_jL-24254
_bR.129222
999 _c17332
_d17332